000 00507nam a22001457a 4500
008 150302b xxu||||| |||| 00| 0 eng d
050 _aBS575.E47 1977
100 _aEmswiler, Sharon Neufer
_915686
245 _aThe ongoing journey:
_bwomen and the bible
_c/ by Sharon Neufer Emswiler
260 _aUSA
_bNational council of churches of christ in the USA
_c1977
300 _a144p. ;
_c19cm.
650 _aWomen in the bible
_97784
650 _aWomen. Biblican teaching
_915687
942 _2lcc
_cMONOGRAPH
999 _c122243
_d122243